[Event "Suwalki Warakomska Memorial 7th"]
[Site "Suwalki"]
[Date "2023.08.08"]
[Round "2"]
[White "Praczukowski, Stanislaw"]
[Black "Piekielny, Pawel"]
[Result "1/2-1/2"]
[WhiteElo "2120"]
[BlackElo "2225"]
[PlyCount "95"]
[EventDate "2023.08.07"]
[EventType "swiss"]
[EventRounds "9"]
[EventCountry "POL"]
[SourceTitle "CBM 215 Extra"]
[Source "ChessBase"]
[SourceDate "2023.09.30"]
[SourceVersion "1"]
[SourceVersionDate "2023.09.30"]
[SourceQuality "1"]

1. d4 Nf6 2. c4 e6 3. Nf3 b6 4. Bf4 Bb7 5. e3 Bb4+ 6. Nfd2 0-0 7. a3 Be7 8. Bd3 c5 9. 0-0 cxd4 10. exd4 d5 11. Nc3 Nc6 12. Nf3 Rc8 13. cxd5 Nxd5 14. Bd2 Bf6 15. Be3 Nxc3 16. bxc3 Na5 17. Rc1 Qd6 18. a4 Rfd8 19. Ng5 h6 20. Ne4 Bxe4 21. Bxe4 Qa3 22. Qg4 Rxc3 23. Bxh6 Rxc1 24. Bxc1 Qc3 25. Qh5 Rxd4 26. Qh7+ Kf8 27. Qh8+ Ke7 28. Qa8 Rd7 29. g3 Bd4 30. Bg5+ Bf6 31. Bf4 Bd4 32. Bg5+ Bf6 33. Bf4 Bd4 34. Rc1 Qb2 35. Rc2 Qb4 36. Kg2 Bc5 37. Re2 Qxa4 38. Bg5+ f6 39. Bf5 Qc6+ 40. Qxc6 Nxc6 41. Rxe6+ Kf8 42. Rxc6 Rd5 43. Rc8+ Ke7 44. Rc7+ Kd8 45. Rc8+ Ke7 46. Rc7+ Kd8 47. Rc8+ Ke7 48. Rc7+ 1/2-1/2

[Event "Suwalki Warakomska Memorial 6th"]
[Site "Suwalki"]
[Date "2022.08.03"]
[Round "1"]
[White "Czernek, Tymon"]
[Black "Praczukowski, Stanislaw"]
[Result "1-0"]
[WhiteElo "2268"]
[BlackElo "2071"]
[PlyCount "117"]
[EventDate "2022.08.03"]
[EventType "swiss"]
[EventRounds "9"]
[EventCountry "POL"]
[SourceTitle "CBM 209 Extra"]
[Source "ChessBase"]
[SourceDate "2022.09.30"]
[SourceVersion "1"]
[SourceVersionDate "2022.09.30"]
[SourceQuality "1"]

1. e4 c5 2. Nf3 d6 3. d4 cxd4 4. Nxd4 Nf6 5. Nc3 a6 6. Bc4 e6 7. 0-0 b5 8. Bb3 Be7 9. Qf3 Qc7 10. Qg3 0-0 11. Bh6 Ne8 12. Rad1 Bd7 13. f4 Nc6 14. Nxc6 Bxc6 15. f5 Kh8 16. f6 gxh6 17. fxe7 Qxe7 18. Qf4 a5 19. Qxh6 b4 20. Ne2 Rg8 21. Qe3 Qa7 22. Qxa7 Rxa7 23. Rf4 Rc7 24. c4 e5 25. Rh4 a4 26. Bc2 f5 27. Ng3 f4 28. Nf5 Rg6 29. Rd2 b3 30. axb3 axb3 31. Bd3 Ra7 32. Kf2 Ng7 33. Nxg7 Raxg7 34. Kf1 Ra7 35. Rd1 Rag7 36. Rd2 Ra7 37. Rd1 Ra2 38. Rb1 Rf6 39. Rh3 Rf8 40. Rh6 Rd8 41. Re6 Rd7 42. Re8+ Kg7 43. Rb8 Bb7 44. Ke1 Kf6 45. Kd2 Rg7 46. Kc3 Ra7 47. Rg1 Bc6 48. Rb6 Rac7 49. Kxb3 Rg4 50. Be2 Rh4 51. Bf3 Rxh2 52. Ra1 Rb7 53. Raa6 h5 54. Rxb7 Bxb7 55. Rxd6+ Kg5 56. Re6 Kh4 57. Rg6 Bc8 58. c5 Bg4 59. c6 1-0

[Event "Warsaw Najdorf Memorial op-A"]
[Site "Warsaw"]
[Date "2022.07.16"]
[Round "8"]
[White "Praczukowski, Stanislaw"]
[Black "Golubka, Petr"]
[Result "0-1"]
[WhiteElo "2055"]
[BlackElo "2378"]
[PlyCount "46"]
[EventDate "2022.07.09"]
[EventType "swiss"]
[EventRounds "9"]
[EventCountry "POL"]
[SourceTitle "CBM 209 Extra"]
[Source "ChessBase"]
[SourceDate "2022.09.30"]
[SourceVersion "1"]
[SourceVersionDate "2022.09.30"]
[SourceQuality "1"]

1. d4 e6 2. c4 b6 3. a3 d5 4. cxd5 exd5 5. Nc3 Be7 6. g3 Nf6 7. Bg2 0-0 8. Nf3 Bb7 9. 0-0 Na6 10. b4 c6 11. Ne5 Nc7 12. Rb1 b5 13. a4 a6 14. Qc2 Ne6 15. Rd1 Qc7 16. f4 Rfc8 17. Be3 a5 18. f5 Nd8 19. bxa5 Qxa5 20. Bd2 Qa7 21. Bf4 b4 22. Na2 c5 23. Nd3 b3 0-1

[Event "Warsaw Najdorf Memorial op-A"]
[Site "Warsaw"]
[Date "2022.07.15"]
[Round "7"]
[White "Pacan Milej, Kosma"]
[Black "Praczukowski, Stanislaw"]
[Result "1-0"]
[WhiteElo "2412"]
[BlackElo "2055"]
[PlyCount "51"]
[EventDate "2022.07.09"]
[EventType "swiss"]
[EventRounds "9"]
[EventCountry "POL"]
[SourceTitle "CBM 209 Extra"]
[Source "ChessBase"]
[SourceDate "2022.09.30"]
[SourceVersion "1"]
[SourceVersionDate "2022.09.30"]
[SourceQuality "1"]

1. Nf3 d5 2. c4 e6 3. g3 Nf6 4. Bg2 d4 5. 0-0 c5 6. e3 Nc6 7. exd4 cxd4 8. d3 Bd6 9. Bg5 h6 10. Bxf6 Qxf6 11. Nbd2 Qd8 12. a3 a5 13. Ne4 Be7 14. c5 0-0 15. Nfd2 f5 16. Nd6 Bxd6 17. cxd6 Qxd6 18. Nc4 Qc7 19. Rc1 Ne5 20. Qe2 Nxc4 21. Rxc4 Qd6 22. Re1 Ra6 23. Qe5 Rd8 24. f4 Rb6 25. Qxa5 Rxb2 26. Rec1 1-0

[Event "Warsaw Najdorf Memorial op-A"]
[Site "Warsaw"]
[Date "2022.07.12"]
[Round "4"]
[White "Bojczewski, Mateusz"]
[Black "Praczukowski, Stanislaw"]
[Result "0-1"]
[WhiteElo "1735"]
[BlackElo "2055"]
[PlyCount "56"]
[EventDate "2022.07.09"]
[EventType "swiss"]
[EventRounds "9"]
[EventCountry "POL"]
[SourceTitle "CBM 209 Extra"]
[Source "ChessBase"]
[SourceDate "2022.09.30"]
[SourceVersion "1"]
[SourceVersionDate "2022.09.30"]
[SourceQuality "1"]

1. c4 e5 2. g3 Nf6 3. Bg2 d5 4. cxd5 Nxd5 5. Nc3 Nb6 6. d3 Be7 7. Nf3 Nc6 8. b3 0-0 9. Bb2 Re8 10. 0-0 Bf8 11. a3 Nd4 12. Nxd4 exd4 13. Ne4 a5 14. Nd2 c6 15. Nc4 Bg4 16. Re1 Nxc4 17. dxc4 Bc5 18. Qd3 Qd6 19. Bf3 Bxf3 20. Qxf3 Rad8 21. a4 Qe7 22. Rad1 Rd6 23. Qg4 Rg6 24. Qh5 Bb4 25. Rf1 c5 26. Rfe1 Bxe1 27. Rxe1 Re6 28. Kf1 Rh6 0-1

[Event "Zagnansk op"]
[Site "Zagnansk"]
[Date "2022.05.04"]
[Round "6"]
[White "Baziuk, Vladyslav"]
[Black "Praczukowski, Stanislaw"]
[Result "1/2-1/2"]
[WhiteElo "1962"]
[BlackElo "2086"]
[PlyCount "40"]
[EventDate "2022.04.29"]
[EventType "swiss"]
[EventRounds "9"]
[EventCountry "POL"]
[SourceTitle "CBM 208 Extra"]
[Source "ChessBase"]
[SourceDate "2022.07.31"]
[SourceVersion "1"]
[SourceVersionDate "2022.07.31"]
[SourceQuality "1"]

1. Nf3 d5 2. c4 c6 3. g3 Nf6 4. d4 Bf5 5. Bg2 e6 6. b3 Bb4+ 7. Bd2 Be7 8. 0-0 0-0 9. Bf4 Nbd7 10. Nc3 h6 11. h3 Ne4 12. Qc1 Qa5 13. Nxe4 Bxe4 14. a3 Bf6 15. Rd1 Qb6 16. Ne5 Bxe5 17. dxe5 Bxg2 18. Kxg2 Rfd8 19. Qc2 Nf8 20. Be3 Qc7 1/2-1/2

[Event "Zagnansk op"]
[Site "Zagnansk"]
[Date "2022.05.02"]
[Round "4"]
[White "Kazmierowski, Tymon"]
[Black "Praczukowski, Stanislaw"]
[Result "0-1"]
[WhiteElo "2020"]
[BlackElo "2086"]
[PlyCount "97"]
[EventDate "2022.04.29"]
[EventType "swiss"]
[EventRounds "9"]
[EventCountry "POL"]
[SourceTitle "CBM 208 Extra"]
[Source "ChessBase"]
[SourceDate "2022.07.31"]
[SourceVersion "1"]
[SourceVersionDate "2022.07.31"]
[SourceQuality "1"]

1. d4 d5 2. c4 c6 3. Nf3 Nf6 4. e3 e6 5. Bd3 dxc4 6. Bxc4 Nbd7 7. b3 Bd6 8. Bb2 0-0 9. 0-0 Qc7 10. Nbd2 e5 11. Qc2 exd4 12. Bxd4 Ne5 13. Nxe5 Bxe5 14. Nf3 Bxd4 15. Nxd4 Bg4 16. h3 Bd7 17. Rfd1 Rad8 18. Rac1 Bc8 19. b4 Qe7 20. a3 h6 21. Bd3 Rd5 22. Nf3 Be6 23. e4 Rdd8 24. e5 Nd5 25. Bh7+ Kh8 26. Bf5 Nf4 27. Bxe6 Nxe6 28. Rxd8 Rxd8 29. Rd1 Kg8 30. Rd2 a5 31. Rxd8+ Qxd8 32. Qe4 Qd1+ 33. Kh2 a4 34. Nh4 Qd4 35. Qg4 Qxg4 36. hxg4 Nd4 37. Nf5 Nb5 38. Nd6 Nxd6 39. exd6 Kf8 40. Kg3 Ke8 41. Kf4 Kd7 42. Ke5 f6+ 43. Kd4 Kxd6 44. f4 g6 45. Kc4 f5 46. gxf5 gxf5 47. Kd4 b5 48. g3 h5 49. Kd3 0-1

[Event "Bialystok Zamenhof Memorial 41st"]
[Site "Bialystok"]
[Date "2022.??.??"]
[Round "1"]
[White "Chomczyk, Marek"]
[Black "Praczukowski, Stanislaw"]
[Result "1-0"]
[WhiteElo "2327"]
[BlackElo "2114"]
[PlyCount "37"]
[EventDate "2022.12.27"]
[EventType "swiss"]
[EventRounds "9"]
[EventCountry "POL"]
[SourceTitle "CBM 211 Extra"]
[Source "ChessBase"]
[SourceDate "2023.01.31"]
[SourceVersion "1"]
[SourceVersionDate "2023.01.31"]
[SourceQuality "1"]

1. Nf3 d5 2. e3 Nf6 3. b3 e6 4. Bb2 Be7 5. c4 0-0 6. Nc3 b6 7. cxd5 Nxd5 8. Nxd5 exd5 9. Qc2 Bb7 10. h4 h6 11. Ng5 hxg5 12. hxg5 f5 13. gxf6 Bxf6 14. Rh6 Bxb2 15. Qh7+ Kf7 16. Qg6+ Kg8 17. Bd3 Bxa1 18. Rh8+ Kxh8 19. Qh7# 1-0

[Event "EU-ch Blitz"]
[Site "Katowice"]
[Date "2021.12.17"]
[Round "22"]
[White "Cieslak, Patryk"]
[Black "Praczukowski, Stanislaw"]
[Result "1/2-1/2"]
[WhiteElo "1817"]
[BlackElo "2068"]
[PlyCount "97"]
[EventDate "2021.12.17"]
[EventType "swiss (blitz)"]
[EventRounds "22"]
[EventCountry "POL"]
[SourceTitle "CBM 205 Extra"]
[Source "ChessBase"]
[SourceDate "2022.01.31"]
[SourceVersion "1"]
[SourceVersionDate "2022.01.31"]
[SourceQuality "1"]

1. e4 c5 2. Nf3 d6 3. d4 cxd4 4. Nxd4 Nf6 5. f3 e5 6. Nb3 a5 7. Bb5+ Nbd7 8. a4 Be7 9. 0-0 0-0 10. c4 Nb6 11. Be3 Be6 12. Na3 Qc7 13. Rc1 Nbd7 14. Qd2 Rfc8 15. Rfd1 b6 16. Bxd7 Bxd7 17. Nb5 Qb8 18. Qf2 Rc6 19. Nd2 Be6 20. b3 Nd7 21. Nb1 Nc5 22. Qb2 f5 23. N1c3 f4 24. Bxc5 Rxc5 25. Nd5 Bf8 26. Kf2 Rc8 27. Qd2 Qb7 28. Kg1 Rd8 29. Qf2 Rab8 30. Ndc7 Bf7 31. Nd5 Rdc8 32. Ndc3 Qd7 33. Rd2 Rc6 34. Rcd1 Rbc8 35. Nd5 Qb7 36. Ndc3 Qd7 37. Nd5 Qb7 38. Ndc3 Qb8 39. Rd3 Be6 40. Nd5 Kh8 41. R1d2 g5 42. Qe1 Qb7 43. Ndc3 Be7 44. Nxd6 Bxd6 45. Rxd6 Rxd6 46. Rxd6 Qe7 47. Qd2 Kg7 48. Nb5 Rb8 49. Qf2 1/2-1/2

[Event "EU-ch Blitz"]
[Site "Katowice"]
[Date "2021.12.17"]
[Round "15"]
[White "Praczukowski, Stanislaw"]
[Black "Brzezinski, Mateusz"]
[Result "1/2-1/2"]
[WhiteElo "2068"]
[BlackElo "2187"]
[PlyCount "57"]
[EventDate "2021.12.17"]
[EventType "swiss (blitz)"]
[EventRounds "22"]
[EventCountry "POL"]
[SourceTitle "CBM 205 Extra"]
[Source "ChessBase"]
[SourceDate "2022.01.31"]
[SourceVersion "1"]
[SourceVersionDate "2022.01.31"]
[SourceQuality "1"]

1. e4 c6 2. d4 d5 3. e5 c5 4. Nf3 Nc6 5. dxc5 Bg4 6. Bb5 e6 7. Be3 Nh6 8. c3 Nf5 9. Bd4 Be7 10. Nbd2 0-0 11. Bxc6 bxc6 12. 0-0 a5 13. h3 Bxf3 14. Nxf3 Rb8 15. Qd2 Rb5 16. b4 a4 17. a3 Qc7 18. Rae1 Rbb8 19. Be3 Ra8 20. Bf4 Bd8 21. Nd4 Nxd4 22. cxd4 Qb7 23. Re3 Qb5 24. Rg3 Re8 25. Bh6 g6 26. Bg5 Qb8 27. Bf6 Bxf6 28. exf6 Qd8 29. Rf3 1/2-1/2

[Event "EU-ch Blitz"]
[Site "Katowice"]
[Date "2021.12.17"]
[Round "21"]
[White "Praczukowski, Stanislaw"]
[Black "Cieslak, Patryk"]
[Result "1/2-1/2"]
[WhiteElo "2068"]
[BlackElo "1817"]
[PlyCount "142"]
[EventDate "2021.12.17"]
[EventType "swiss (blitz)"]
[EventRounds "22"]
[EventCountry "POL"]
[SourceTitle "CBM 205 Extra"]
[Source "ChessBase"]
[SourceDate "2022.01.31"]
[SourceVersion "1"]
[SourceVersionDate "2022.01.31"]
[SourceQuality "1"]

1. e4 e6 2. d4 d5 3. Nc3 Nf6 4. e5 Nfd7 5. f4 c5 6. Nf3 Nc6 7. Be3 Be7 8. Qd2 0-0 9. dxc5 Qa5 10. Bd3 Bxc5 11. Bxc5 Nxc5 12. Ne2 Qxd2+ 13. Kxd2 b6 14. Ned4 Nxd4 15. Nxd4 Ba6 16. b4 Bxd3 17. cxd3 Nd7 18. Rhc1 Rfc8 19. a3 Kf8 20. Nb5 a5 21. Nd6 Rxc1 22. Rxc1 axb4 23. axb4 f6 24. Rc7 Ke7 25. Nc8+ Kd8 26. Rxd7+ Kxc8 27. Rxg7 Ra2+ 28. Ke3 fxe5 29. fxe5 Rb2 30. h3 h5 31. Rg5 Kd7 32. Rxh5 Rxg2 33. b5 Rb2 34. Rh7+ Ke8 35. h4 Rxb5 36. h5 Rb4 37. d4 Kf8 38. h6 Kg8 39. Rg7+ Kf8 40. Rh7 Kg8 41. Re7 Rb3+ 42. Kf4 Rd3 43. Rxe6 Rxd4+ 44. Kg5 Rd1 45. Rxb6 Rg1+ 46. Kf6 Rf1+ 47. Ke6 d4 48. Rb7 Rh1 49. Kd6 Rxh6+ 50. e6 d3 51. Rb4 d2 52. Rd4 Rh5 53. Rxd2 Kf8 54. Ra2 Rh1 55. Ra8+ Kg7 56. Ke7 Rb1 57. Ra7 Rb8 58. Rc7 Ra8 59. Rb7 Rc8 60. Kd7 Ra8 61. Rc7 Rb8 62. Ra7 Kf8 63. Rc7 Ra8 64. Rb7 Kg7 65. e7 Kf7 66. Rc7 Re8 67. Kd6 Ra8 68. Rb7 Re8 69. Ra7 Rb8 70. Kc7 Re8 71. Kd6 Rb8 1/2-1/2

[Event "EU-ch Blitz"]
[Site "Katowice"]
[Date "2021.12.17"]
[Round "20"]
[White "Praczukowski, Stanislaw"]
[Black "Skawinski, Arkadiusz"]
[Result "0-1"]
[WhiteElo "2068"]
[BlackElo "2366"]
[PlyCount "48"]
[EventDate "2021.12.17"]
[EventType "swiss (blitz)"]
[EventRounds "22"]
[EventCountry "POL"]
[SourceTitle "CBM 205 Extra"]
[Source "ChessBase"]
[SourceDate "2022.01.31"]
[SourceVersion "1"]
[SourceVersionDate "2022.01.31"]
[SourceQuality "1"]

1. e4 e6 2. d4 d5 3. Nc3 Bb4 4. e5 c5 5. a3 Bxc3+ 6. bxc3 Qa5 7. Bd2 Qa4 8. h4 Nc6 9. h5 h6 10. Nf3 Nge7 11. dxc5 Qe4+ 12. Be3 Nxe5 13. Nxe5 Qxe5 14. Bd3 0-0 15. Kf1 Qf6 16. Rh3 e5 17. Rf3 Qh4 18. Rg3 Kh8 19. Kg1 f5 20. Rh3 Qa4 21. f4 Nc6 22. Rg3 exf4 23. Rg6 fxe3 24. Qf3 Ne5 0-1

[Event "Lodz Jan Krzysztof Duda Cup"]
[Site "Lodz"]
[Date "2021.11.13"]
[Round "6"]
[White "Praczukowski, Stanislaw"]
[Black "Fus, Jakub"]
[Result "0-1"]
[WhiteElo "2082"]
[BlackElo "2374"]
[PlyCount "110"]
[EventDate "2021.11.13"]
[EventType "swiss (rapid)"]
[EventRounds "9"]
[EventCountry "POL"]
[SourceTitle "CBM 205 Extra"]
[Source "ChessBase"]
[SourceDate "2022.01.31"]
[SourceVersion "1"]
[SourceVersionDate "2022.01.31"]
[SourceQuality "1"]

1. e4 c6 2. d4 d5 3. exd5 cxd5 4. Bd3 Nc6 5. c3 Qc7 6. Ne2 Bg4 7. 0-0 Nf6 8. Qb3 Bxe2 9. Bxe2 e6 10. Bf4 Qd7 11. Nd2 Be7 12. Bd3 0-0 13. Rfe1 Nh5 14. Be3 Bd6 15. Qd1 Nf4 16. Bf1 Rae8 17. Qf3 Qc7 18. g3 Ng6 19. h4 f5 20. h5 Nh8 21. Bf4 Bxf4 22. Qxf4 Qxf4 23. gxf4 Nf7 24. Re2 Nd6 25. Rae1 Rf6 26. Nb3 Kf7 27. Re3 g6 28. Be2 Rg8 29. Rg3 Ne4 30. Rg2 gxh5 31. Bxh5+ Kf8 32. Rxg8+ Kxg8 33. Bf3 Rh6 34. Bxe4 fxe4 35. Re3 Ne7 36. Rg3+ Kf7 37. Nc5 Nf5 38. Rg4 b6 39. Nd7 Rh4 40. Ne5+ Kf6 41. Rg8 Rxf4 42. Rh8 Rh4 43. Ra8 Kg5 44. Rxa7 Kf4 45. Kf1 Rh1+ 46. Ke2 Rb1 47. b3 Rb2+ 48. Ke1 h5 49. Rh7 h4 50. Ng6+ Kg5 51. Nf8 Kg4 52. Nxe6 h3 53. Ng7 Nh4 54. Nh5 h2 55. Nf6+ Kg5 0-1

[Event "Rubinstein Memorial op-A 57th"]
[Site "Polanica Zdroj"]
[Date "2021.08.22"]
[Round "9"]
[White "Zochowski, Kacper"]
[Black "Praczukowski, Stanislaw"]
[Result "1/2-1/2"]
[WhiteElo "2254"]
[BlackElo "2073"]
[PlyCount "90"]
[EventDate "2021.08.14"]
[EventType "swiss"]
[EventRounds "9"]
[EventCountry "POL"]
[SourceTitle "CBM 203 Extra"]
[Source "ChessBase"]
[SourceDate "2021.09.30"]
[SourceVersion "1"]
[SourceVersionDate "2021.09.30"]
[SourceQuality "1"]

1. c4 e5 2. g3 d6 3. Bg2 f5 4. Nc3 Nf6 5. d4 Be7 6. Nf3 e4 7. Ng5 c6 8. d5 h6 9. Nh3 Nbd7 10. b3 Ne5 11. 0-0 0-0 12. f3 exf3 13. exf3 Qa5 14. Bb2 cxd5 15. f4 Qb6+ 16. Kh1 Neg4 17. Nxd5 Nxd5 18. Qxd5+ Kh7 19. Rae1 Bf6 20. Bxf6 Nxf6 21. Qd3 Bd7 22. Rd1 Ne4 23. Qd4 Qa6 24. Nf2 Nxf2+ 25. Rxf2 Bc6 26. Qxd6 Rad8 27. Qxd8 Rxd8 28. Rxd8 Qb6 29. Rdd2 a5 30. Bxc6 Qxc6+ 31. Kg1 a4 32. bxa4 Qxc4 33. a5 Qc5 34. Rb2 Qxa5 35. Rf3 Qe1+ 36. Kg2 Qe4 37. Rbf2 g5 38. fxg5 hxg5 39. Kg1 Qb1+ 40. Rf1 Qb6+ 41. R3f2 Qe3 42. Kg2 Qe4+ 43. Kg1 Qe3 44. Kg2 Qe4+ 45. Kg1 Qe3 1/2-1/2